| 000 | 01428aas a2200241 4500 | ||
|---|---|---|---|
| 003 | BR-BrBNA | ||
| 005 | 20260127153836.0 | ||
| 007 | ta | ||
| 008 | 230119b bl ||||| |||| 00| 0 por d | ||
| 022 | _a0009-6725 on-line ISSN 2317-6660 | ||
| 035 | _a000485-5 | ||
| 040 |
_aBR-BrBNA _bPor _cBR-BrBNA |
||
| 042 | _a022156-2 | ||
| 044 | _abl | ||
| 245 | _aCiência e Cultura (Brazil) | ||
| 260 |
_aSão Paulo-SP _bSociedade Brasileira para o Progresso da Ciência _c1949. Data final de publicação em 1992 _eBSP |
||
| 270 | _aAv. Pedroso de Moraes, 1512 - Caixa Postal 11008 - 05420-000 | ||
| 310 | _airregular | ||
| 505 | _a1949 1(3,4); 1950 2(4); 1953 5(4); 1954-58 6-10(1-4); 1959 11(1,3-4); 1960 12(1,2,3/4); 1961-68 13-20(1-4); 1969 21(1,2-3doc.ext,4); 1970 22(1-4); 1971 23(1-6); 1972024(1-12+supl. 6); 1973-78 25-30(1-12); 1979 31(1-12+supl.); 1980-81 32-33(1-12+supl); 1982-86 34-38(1-12); 1987 39(1-4,5/6,7-12); 1988-89 40-41(1-12); 1990 42(1,2,3/4,5/6,7-9); 1991 43(1-6); 1992 44(1); 2002 54(1-2 online); 2003 55-59(1-4 online); 2008 60(1-4+nº esp.1 online); 2009 61(1-4 online); 2010 62(1-4+nº esp. 1,2 online); 2011 63(1-3 online); 2012-19 64-71 (1-4 online); 2020-21 72-73(1-2 online); 2022-23 74-75(1-4 online); 2024 76(1-4+nº esp. 1-4 online); 2025 77(1-3) | ||
| 650 | 1 | 2 | _gCULTURA CIENTIFICA |
| 856 | _uhttp://cienciaecultura.bvs.br/scielo.php?script=sci_issues&pid=0009-6725&lng=pt&nrm=iso | ||
| 942 |
_cCR _2AGRIS |
||
| 999 |
_c1312 _d1312 |
||